000 00329nam a22001337a 4500
008 190227b xxu||||| |||| 00| 0 eng d
020 _a072162846-X
041 _aeng
080 _a616.12
100 _a7
101 _aKARD
245 _aLead ECG Interpretation: The Self-Assessment Approach
_cAbedin,Z
942 _2udc
_cBK
999 _c54333
_d54333